000 00296nam a2200145Ia 4500
100 _aPlattt/Charles
650 _aELECTRONICS
942 _cBK
245 _aMake:electronics
260 _bSPD
_c2011
082 _a621.381
_bPLA
300 _a334
546 _aENGLISH
_cPAMPHALETS
999 _c23280
_d23280